000 00264nam a22001217a 4500
008 181029b xxu||||| |||| 00| 0 eng d
041 _aeng
080 _a316
100 _a50
101 _aSOC
245 _aThe Norton Mix Sociology
_cPalmer.n
942 _2udc
_cBK
999 _c50979
_d50979